| 000 | 00341nam a2200133Ia 4500 | ||
|---|---|---|---|
| 008 | 231129s9999||||xx |||||||||||||| ||spa|| | ||
| 040 | _bspa | ||
| 082 | _aR 986.03 R896c | ||
| 100 | _aRubino Maria Teresa | ||
| 245 | 0 | _aColombia y el mundo 84 85 y 86 : el libro del ano | |
| 260 | _c198 | ||
| 264 | _aCirculo de Lectores | ||
| 942 |
_2ddc _cBKS |
||
| 999 |
_c7357 _d7357 |
||